000 01063nam a22003137a 4500
001 BR8704767
003 BR-BrBNA
005 20230928092718.0
007 ta
008 230509b bl.||||| |||| 00| 0 por d
040 _aBR-BrBNA
_bpor
_cBiblioteca Nacional de Agricultura
041 _a(Por)
072 _aP35
_b0334
_b0180
_b/G514
090 _ 0334 BR8704767
100 1 _aBissani, C.A.
110 1 _aUniversidade Federal do Rio Grande do Sul, Porto Alegre (Brasil). Faculdade de Agronomia
_0Tese (Mestre em Agronomia)
245 1 _aDisponibilidade de enxofre para as plantas em solos do Rio Grande do Sul [colza, trigo]
246 1 _a[Sulphur availability for plants in soils of Rio Grande do Sul]
260 3 _aPorto Alegre, RS (Brasil):
_c1985.
300 _a211 p.
500 _a6 illus.; 28 tables; Bibliography p. 161-170 (105 ref.); Summaries (Eng, Por)
650 _aCOLZA
650 _aTRIGO
650 _aENXOFRE
650 _aDISPONIBILIDADE
650 _aRIO GRANDE DO SUL
909 _a202309
_bLucia
_c55
_dLucia Elande
942 _cBK
999 _c40746
_d40746